Quizzes
Events
Quiz Creation
Community
Videos
Private Events
Remove Ads
Sign In
Join for FREE
Feedback
Dark Mode
Quiz Categories
Sports
Geography
Music
Movies
Television
Just For Fun
Miscellaneous
History
Literature
Language
Science
Gaming
Entertainment
Religion
Holiday
For Kids
Quiz Lab
Recent
Popular Today
Quiz Kudos Today
Editor Picks
Curator Picks
Quizzes by...
Day
Popularity
Type
Ratings
Length
Year
Community
Subscriptions
Recent Discussions
Orange Saloon
Badges
Playlists
Quests
Create
Leaderboards
Showdown
Live 5
Trivia Bingo
Activity
Puzzle Library
Sporcle Events
Private Events
Virtual Trivia
Globe League
Become a Host
Pub Owners
SporcleCon
Opinionation
Our Games
Videos
Blog
Mobile Apps
Partnerships
Remove Ads and Go Orange
Feedback
Gaming
Video Games
Board Games
Card Games
Pokémon
Mario
Nintendo
Minecraft
Console
Toys
Legend of Zelda
Gaming
Video Games
Board Games
Card Games
Pokémon
Mario
Nintendo
Minecraft
Console
Toys
Legend of Zelda
Random Quiz
Search Sporcle
×
Quiz Lab
Quiz Lab
Gaming
Famous
Type in answers that appear in a list
Type in answers that appear in a list
Classic
Best Score? Go Orange.
Famous Yu-Gi-Oh! monsters Stats
Can you name the Famous Yu-Gi-Oh! monsters?
By
monsder
10m
24 Questions
4,606 Plays
4,606 Plays
4,606 Plays
Comments
Comments
Give Quiz Kudos
Give Quiz Kudos
-
- Ratings
hide this ad
Replay
Link that replays current quiz
Next Quiz
Link to next quiz in quiz playlist
You Got
0%
They Got
Avg Score
34%
Avg Friend Score
Upgrade to see
Score Distribution
Jump to the score distribution portion of the page
Score
0/24
Timer
10:00
0
Plays Today
Character that uses this monster in his/
Monsters
% Correct
Seto Kaiba
Blue Eyes White Dragon
96.9%
Yugi Mutou
Dark Magician
94.5%
Atticus Rhodes
Red Eyes
89.6%
Joey Wheler
Red Eyes Black Dragon
78%
Marik Ishtar (Egyptian God)
Winged Dragon of Ra
71%
Seto Kaiba (Egyptian God)
Obelisk the Tormentor
62.2%
Yugi Mutou (Egyptian God)
Slifer the Sky Dragon
59.1%
Mai Valentine
Harpy Lady
44.3%
Jaden Yuki
Elemental Hero
40%
Yusei Fudo
Stardust Dragon
27.1%
Zane Truesdale
Cyber Dragon
25.6%
Yugi Mutou
Dark Magician Girl
23.1%
Character that uses this monster in his/
Monsters
% Correct
Akiza Izinski
Black Rose Dragon
19.4%
Aster Pheonix
Destiny Hero
17.4%
Jesse Anderson
Crystal Beast
15.8%
Yusei Fudo
Junk Warrior
15.7%
Maximillion Pegasus
Blue Eyes Toon Dragon
14.4%
Joey Wheler (legandary Dragon)
Hermos
13.7%
Jack Atlas
Red Dragon Archfeind
4.1%
Seto Kaiba (legendary Dragon)
Criteus
2.2%
Prof. Crowler
Ancient Gear Golemn
2%
Chazz Princeton
VWXYZ-Dragon Cannon
1.4%
Yugi Mutou (Legendary Dragon)
Timeamus
1.3%
Syrus Truesdale
Vehicaroids
0.7%
Quiz Playlist
Details
Report
Send in Message
Add To Playlist
Classic:
Type in answers that appear in a list
Last Updated: Mar 7, 2018
Quiz Scoreboard
CHALLENGE
Sign Up to Join the Scoreboard
Show All
Scores
Hide
Comments
May contain spoilers
Recently Published
Pick 6: Fruits
by JohnFran
Miscellaneous
15s
Click the 1999 NBA Draft
by nibperrychub
Sports
2m
Alphabetical 'K' Countries by Flag Minefield
by ylime102
Geography
3m
More to Explore
Quiz From the Vault
Featured Blog Post
15 Basketball Trivia Facts You Can Be March Mad About
hide this ad
You Might Also Like...
Tags
Famous Quiz
Character
Monster
Yu-Gi-Oh
Today's Top Quizzes in Gaming
Browse Gaming
hide this ad
Today's Top Quizzes in Famous
Browse Famous
Top Contributed Quizzes in Gaming
1
Order Genshin Impact characters by release date!
2
Pokémon Gen IV Logic Puzzle (HARD)
3
HARD Pokemon Logic Puzzle
4
Genshin Impact Logic Puzzle Quiz
5
Genshin Impact Logic Puzzle Quiz II
6
Overwatch Logic Puzzle
7
Danganronpa Sorting Blitz
8
Pokémon Logic Puzzle (DIFFICULT)
9
Overwatch Hero Logic II
10
FF7 Gillionaire
Explore More
Trending Topics
Harry Potter
Crossword
Kpop
Marvel
NBA
Anime
Disney
Soccer
Pokémon
NFL
The Office
Country
Puzzle
WWE
Song
hide this ad
More By:
monsder
Quiz
Plays
Rating
Category
Featured
Created
Famous Yu-Gi-Oh! monsters
4,606
1.67
Gaming
Nov 21, 2009
Transformers in the 2009 movie
2,544
3.67
Movies
Nov 22, 2009
Transformers From the 2007 movie
1,153
5.00
Movies
Nov 22, 2009
Kingdom Hearts worlds
642
1.83
Gaming
Nov 21, 2009
Orgaization XIII members
400
3.75
Gaming
Dec 4, 2009
Go to Creator's Profile
Score Distribution
Quiz Creator Spotlight
monsder
Follow
Send a Message
Quizzes Created
-
Created Quiz Play Count
-
More By This Creator
Popular Quizzes Today
1
Find the US States - No Outlines Minefield
2
Countries of Asia Without Outlines Minefield
3
Pick 6: Fruits
4
The Countries of the World
5
Alphabetical 'K' Countries by Flag Minefield
6
Click the 1999 NBA Draft
7
Find the US States
8
Match the Book to the Film X
More Gaming Quizzes
Name the wrestlers from WWF Superstars 2 (Gameboy)
Quiz Lab
Trending Quizzes
Pick 6: Harry Potter
Pick 6: Mountains
Pick 6: NFL Teams
Pick 6: Movie Franchises
Pick 6: Golfers
Recently Updated
Women's Final Four Teams by Year
bhenderson79
Presidents Quartet II
eogle
Anything But Clue(do)
eogle
Anything But Oceanian Capitals
eogle
Anything But 7
eogle
Anything But Thing
eogle
Word Ladder: February 29
pecheneg
Song Title Questions
pecheneg
Women's NCAA Tournament #1 Seeds
pecheneg
Celebrity Mug Shots
pecheneg
Trending Topics
Marvel
Crossword
NBA
Harry Potter
Disney
Kpop
Anime
Puzzle
Country
NFL
Soccer
WWE
Pokémon
The Office
Song
Your Account Isn't Verified!
In order to create a playlist on Sporcle, you need to verify the email address you used during registration. Go to your
Sporcle Settings
to finish the process.
Report this User
Report this user for behavior that violates our
Community Guidelines
.
Details:
Send Report
Go to the Sporcle.com Mobile Site →
Comments